Scott Pilgrim vs. the World (2010): Characters by Picture - Statistics

General Stats
  • This quiz has been taken 192 times
  • The average score is 14 of 19
Answer Stats
Picture Answer % Correct
Scott Pilgrim
99%
Ramona Flowers
98%
Knives Chau
97%
Wallace Wells
89%
Gideon Graves
85%
Kim Pane
84%
Matthew Patel
83%
Young Neil
82%
Todd Ingram
76%
Envy Adams
74%
Lucas Lee
72%
Roxie Richter
72%
Julie Powers
70%
Nega Scott
69%
Stacey Pilgrim
63%
Katayanagi Twins
62%
Stephen Stills
60%
Lucas "Crash" Wilson
46%
Jimmy
30%
No matching quizzes found
Score Distribution
Percent of People with Each Score
Percentile by Number Answered
Your Score History
You have not taken this quiz